000 01605nam0a2200397 4500
001 RU\NLR\bibl\310359
005 20260406152556.0
010 _a5-7107-5570-2
_913000
021 _aRU
_b2002-28150
_91399
035 _a(NLR Aleph) 000305494
090 _a14767
_c14767
100 _a20020923d2002 |||y0rusy50 ca
101 0 _arus
102 _aRU
105 _aa |||||||||
200 1 _aФизика. Строение вещества
_e7 кл.
_eУчеб. для общеобразоват. учеб. заведений
_fА. Е. Гуревич
205 _a6-е изд., стер.
210 _aМ.
_cДрофа
_d2002
215 _a206, [1] с.
_cил.
_d22
606 0 _aВещество
_jРуководства, пособия и т.п. для средней школы
_xСтроение
_9932336
_3RU\NLR\auth\6624957
606 0 _aВещество
_jУчебники для средней школы
_xСтроение
_9932336
_3RU\NLR\auth\6624957
610 0 _aФизика
610 0 _aХимические вещества - Строение - Изучение в школе
675 _a373.167.1:53
_v3
_zrus
675 _a53(075.3)
_v3
_zrus
686 _a14.25
_2rugasnti
686 _a22.3я721
_2rubbk
686 _aВ371.2я721-1
700 1 _4070
_8rus
_7ca
_aГуревич
_bА. Е.
_cканд. пед. наук
_gАлександр Евсеевич
_3RU\NLR\auth\775971
_9115927
801 0 _aRU
_bRKP
_c20020923
_gPSBO
801 1 _aRU
_bRKP
_c20020923
801 2 _aRU
_bNLR
_c20110824
_grcr
942 _cBOOK
980 _aNB